000 01710nam0a2200325 i 4500
001 RU\NLR\BIBL_A\010694897
005 20260406160808.0
010 _a9785392181414
_91000
021 _aRU
_b2015-1824
_9110
035 _a(NILC)RuMoRGB-007851263
035 _a(NLR Aleph) 010694897
090 _a9698910
_c9698910
100 _a20150311d2015 km y0rusy50 ca
101 0 _arus
102 _aRU
105 _ay z 000yy
200 1 _aНастольная книга следователя и дознавателя
_e[с учетом Федерального закона № 158-ФЗ
_eвозбуждение уголовного дела, предварительное расследование, соотношение следственной и оперативно-розыскной деятельности, особый порядок уголовного судопроизводства при заключении досудебного соглашения о сотрудничестве]
_fБ. Т. Безлепкин
205 _a3-е изд., [перераб. и доп.]
210 _aМосква
_cПроспект
_d2015
215 _a291, [4] с.
_d22
320 _aБиблиогр. в подстроч. примеч.
606 1 _aСледователи
_xОрганизация работы
_yРоссийская Федерация
_92103835
_3RU\NLR\AUTH\661272085
686 1 _aХ629.14-9
700 1 _8rus
_7ca
_aБезлепкин
_bБ. Т.
_f1940-
_gБорис Тимофеевич
_3RU\NLR\AUTH\778395
_9118303
801 0 _aRU
_bRuMoRKP
_c20110830
_gRCR
801 2 _aRU
_bРГБ
_c20150121
_grcr
942 _cBOOK
980 _aNBR